[Event "4NCL/Div1/RIC-GUI"]
[Site "Rd05-Birmingham"]
[Date "2001.01.27"]
[Round "5.7"]
[White "Buckley, Melanie"]
[Black "Povah, Nigel"]
[Result "0-1"]
[WhiteElo "2114"]
[BlackElo "2359"]
[PlyCount "80"]
[EventDate "2001.01.27"]

1. e4 c5 2. Nc3 Nc6 3. g3 g6 4. Bg2 Bg7 5. d3 d6 6. Be3 Rb8 7. Qd2 b5 8. Nge2
Nd4 9. O-O e6 10. Nd1 b4 11. Nc1 Qa5 12. a3 Qa4 13. b3 Qd7 14. Ra2 a5 15. Ne2
Nxe2+ 16. Qxe2 a4 17. f4 axb3 18. cxb3 bxa3 19. Rxa3 Ne7 20. Qd2 Rb4 21. Nb2
O-O 22. Rc1 Nc6 23. Rc4 Rb5 24. Na4 Nd4 25. Qd1 Bb7 26. Nc3 Rb4 27. Ne2 Nxe2+
28. Qxe2 Qb5 29. Qc2 Qb6 30. Qa2 Rb8 31. Bd2 Bc8 32. Bf1 d5 33. Rc1 c4+ 34. Kg2
Rxb3 35. Rxb3 cxb3 36. Qb1 b2 37. Rc2 Bb7 38. Bc3 Bxc3 39. Rxc3 dxe4 40. Kh3
exd3 0-1

[Event "4NCL/Div1/WG-SWD"]
[Site "Rd05-Birmingham"]
[Date "2001.01.27"]
[Round "5.3"]
[White "Turner, Matthew"]
[Black "Zeidler, Sven"]
[Result "1/2-1/2"]
[WhiteElo "2498"]
[BlackElo "2284"]
[PlyCount "100"]
[EventDate "2001.01.27"]

1. g3 f5 2. Bg2 Nf6 3. d3 d6 4. e4 Nc6 5. Ne2 e5 6. Nbc3 fxe4 7. dxe4 Bg4 8. h3
Be6 9. Nd5 Qd7 10. Be3 Ne7 11. c4 c6 12. Nxf6+ gxf6 13. Rc1 d5 14. exd5 cxd5
15. cxd5 Nxd5 16. Bc5 Bxc5 17. Rxc5 Rd8 18. O-O O-O 19. Bxd5 Bxd5 20. Nc3 Be6
21. Qxd7 Rxd7 22. g4 Rd2 23. b3 h5 24. f3 Kg7 25. Rf2 Rxf2 26. Kxf2 hxg4 27.
hxg4 Kg6 28. Ke3 b6 29. Rc6 Rc8 30. Rxc8 Bxc8 31. Nb5 a6 32. Nc3 Bd7 33. Nd5 b5
34. b4 Be6 35. Nc3 f5 36. gxf5+ Kxf5 37. a3 Bd7 38. Ne4 Be6 39. Nd6+ Kf6 40.
Ke4 Bb3 41. Ne8+ Ke6 42. Nc7+ Kd6 43. Nxa6 Bc2+ 44. Ke3 Kd5 45. Nc5 Kc4 46. Nd7
Kb3 47. Kd2 e4 48. Nc5+ Kxa3 49. Kxc2 exf3 50. Nd3 f2 1/2-1/2

[Event "4NCL/Div1/WG-SWD"]
[Site "Rd05-Birmingham"]
[Date "2001.01.27"]
[Round "5.4"]
[White "James, David J"]
[Black "Ward, Chris"]
[Result "1/2-1/2"]
[WhiteElo "2238"]
[BlackElo "2506"]
[PlyCount "109"]
[EventDate "2001.01.27"]

1. d4 Nf6 2. c4 e6 3. Nf3 c5 4. d5 d6 5. Nc3 exd5 6. cxd5 g6 7. e4 a6 8. a4 Bg4
9. Be2 Bxf3 10. Bxf3 Nbd7 11. O-O Bg7 12. Be2 O-O 13. f4 Re8 14. Qc2 Qe7 15.
Bf3 c4 16. Be3 Rac8 17. Rae1 Qd8 18. Qd2 Qa5 19. Kh1 b5 20. axb5 axb5 21. Ra1
Qb4 22. Rfe1 Ra8 23. Rxa8 Rxa8 24. Bd4 Nc5 25. Bxc5 Qxc5 26. e5 Ne8 27. Ne4 Qb6
28. Qf2 Qxf2 29. Nxf2 f6 30. exd6 Nxd6 31. Kg1 f5 32. Nd1 Kf7 33. Re6 Rd8 34.
Kf1 Ne4 35. Bxe4 fxe4 36. Rxe4 Rxd5 37. Ke2 Rd3 38. Re3 Rxe3+ 39. Kxe3 b4 40.
Ke4 Ke6 41. Ne3 Bxb2 42. Nxc4 Bc3 43. g4 b3 44. Kd3 Bb4 45. h4 h5 46. f5+ gxf5
47. gxh5 Bf8 48. Kc3 f4 49. Kxb3 f3 50. Kc2 f2 51. Ne3 Bh6 52. Nf1 Kf5 53. Kd3
Kg4 54. Ke2 Kxh4 55. Kxf2 1/2-1/2

[Event "4NCL/Div1/WG-SWD"]
[Site "Rd05-Birmingham"]
[Date "2001.01.27"]
[Round "5.5"]
[White "Martin, Andrew"]
[Black "Morris, Charles"]
[Result "0-1"]
[WhiteElo "2445"]
[BlackElo "2238"]
[PlyCount "72"]
[EventDate "2001.01.27"]

1. Nf3 Nf6 2. d4 d5 3. c4 c6 4. Nc3 dxc4 5. e4 b5 6. Qc2 e6 7. Be2 Bb7 8. O-O
Be7 9. Bg5 h6 10. Bxf6 Bxf6 11. e5 Be7 12. Qe4 a6 13. a4 Qb6 14. Qg4 g6 15.
Rfd1 Nd7 16. axb5 axb5 17. Rxa8+ Bxa8 18. h4 Qb8 19. h5 g5 20. Ne4 c5 21. Nxc5
Nxc5 22. dxc5 Bxc5 23. Qg3 f5 24. b3 c3 25. b4 Bxb4 26. Nd4 O-O 27. Nxe6 Re8
28. Nxg5 Qxe5 29. Rd8 f4 30. Qd3 hxg5 31. Qg6+ Kf8 32. Qh6+ Ke7 33. Rd1 Be4 34.
Bxb5 Rd8 35. Rc1 c2 36. Qb6 Rd1+ 0-1

[Event "4NCL/Div1/WG-SWD"]
[Site "Rd05-Birmingham"]
[Date "2001.01.27"]
[Round "5.6"]
[White "Roberts, David L"]
[Black "Levitt, Jon"]
[Result "0-1"]
[WhiteElo "2150"]
[BlackElo "2438"]
[PlyCount "84"]
[EventDate "2001.01.27"]

1. e4 c5 2. Nf3 e6 3. d4 cxd4 4. Nxd4 Nf6 5. Nc3 Bb4 6. Bd3 Nc6 7. Nde2 O-O 8.
Bg5 Be7 9. Qd2 a6 10. a4 Ne5 11. O-O d6 12. Kh1 Bd7 13. f4 Nxd3 14. Qxd3 Bc6
15. Rad1 Qa5 16. f5 Rfe8 17. Nd4 Rac8 18. Qg3 Nh5 19. Qh4 Bxg5 20. Qxg5 Nf6 21.
Qh4 e5 22. Nf3 Qb4 23. Rfe1 Red8 24. Rd3 Qxb2 25. Rb1 Qxc2 26. Ne1 Bxe4 27.
Nxc2 Bxd3 28. Rxb7 Rxc3 29. Ne1 Rc1 30. Kg1 Bxf5 31. Qf2 Bg6 32. h3 h6 33. Kh2
Rdc8 34. Nf3 Be4 35. Ra7 R1c2 36. Qf1 R8c3 37. Ne1 Rc1 38. Qf2 Ra3 39. Qd2 Raa1
40. Nf3 Bxf3 41. gxf3 Rh1+ 42. Kg3 Rag1+ 0-1

[Event "4NCL/Div1/WG-SWD"]
[Site "Rd05-Birmingham"]
[Date "2001.01.27"]
[Round "5.7"]
[White "Tiller, Bjorn"]
[Black "Cast, Abigail"]
[Result "1-0"]
[WhiteElo "2384"]
[BlackElo "2121"]
[PlyCount "73"]
[EventDate "2001.01.27"]

1. e4 e6 2. d3 d5 3. Nd2 c5 4. f4 Nc6 5. Ngf3 Qc7 6. g3 Nf6 7. Bg2 Be7 8. O-O
b5 9. Re1 Bb7 10. a4 a6 11. e5 Nd7 12. g4 g5 13. Nxg5 Bxg5 14. fxg5 Ncxe5 15.
Nf3 Ng6 16. d4 Rc8 17. axb5 axb5 18. Qd2 cxd4 19. Nxd4 Qb6 20. Qf2 Nge5 21. h3
b4 22. Bf4 Ng6 23. Be3 O-O 24. h4 Qc7 25. Nb5 Qxc2 26. Nd6 Qxf2+ 27. Bxf2 Rc7
28. Ra7 Rb8 29. Bg3 Ra8 30. Rxb7 Rxb7 31. Nxb7 Ra2 32. h5 Ngf8 33. Rf1 Rxb2 34.
Nd6 Rb3 35. Kh2 d4 36. Nxf7 d3 37. Nh6+ 1-0

[Event "4NCL/Div1/WG-SWD"]
[Site "Rd05-Birmingham"]
[Date "2001.01.27"]
[Round "5.8"]
[White "Cast, Jason"]
[Black "Jackson, Sheila"]
[Result "0-1"]
[WhiteElo "1824"]
[BlackElo "2185"]
[PlyCount "124"]
[EventDate "2001.01.27"]

1. e4 e5 2. Nf3 Nc6 3. Bb5 a6 4. Ba4 Nf6 5. d4 exd4 6. O-O Be7 7. e5 Ne4 8.
Nxd4 O-O 9. Re1 Nc5 10. Bb3 Nxb3 11. axb3 Nxd4 12. Qxd4 d5 13. Nc3 c6 14. Na4
Bf5 15. Re2 Rc8 16. b4 f6 17. e6 Bd6 18. Bf4 Re8 19. Nb6 Rc7 20. Rae1 Rce7 21.
Bxd6 Qxd6 22. c4 Rxe6 23. Rxe6 Rxe6 24. Rxe6 Qxe6 25. Kf1 dxc4 26. Nxc4 Qd7 27.
Nd6 Be6 28. f4 Bd5 29. Ne4 Qf5 30. Nc3 g5 31. g3 gxf4 32. gxf4 Kf7 33. Qe3 Qh5
34. Qg3 Qf5 35. Qe3 Bc4+ 36. Ke1 Qc2 37. Qh3 Qc1+ 38. Nd1 Qxf4 39. Qd7+ Kg6 40.
Qe8+ Bf7 41. Qe2 Qxb4+ 42. Nc3 Qh4+ 43. Kd2 f5 44. Qe5 Qd8+ 45. Kc2 Bc4 46.
Qg3+ Qg5 47. Qd6+ Qf6 48. Qg3+ Kf7 49. Qc7+ Qe7 50. Qf4 Be6 51. Kc1 Kg6 52. h4
Bd5 53. Qg3+ Kf7 54. Qf2 Be4 55. h5 Qg5+ 56. Kd1 Qxh5+ 57. Kd2 Qg5+ 58. Kd1
Qg4+ 59. Kc1 h5 60. Qh2 Qg5+ 61. Kd1 Bf3+ 62. Ke1 Qc1+ 0-1

[Event "4NCL/Div1/MM-BAR2"]
[Site "Rd06-Birmingham"]
[Date "2001.01.28"]
[Round "6.1"]
[White "Ledger, Andrew"]
[Black "Webster, Andrew"]
[Result "1-0"]
[WhiteElo "2443"]
[BlackElo "2435"]
[PlyCount "55"]
[EventDate "2001.01.28"]

1. e4 c5 2. Nc3 Nc6 3. g3 g6 4. d3 Bg7 5. Be3 Qa5 6. Bd2 e6 7. Nge2 b5 8. Qc1
Rb8 9. Bg2 Ba6 10. a3 Nge7 11. O-O O-O 12. Bh6 d6 13. Bxg7 Kxg7 14. g4 Qb6 15.
Qd2 e5 16. Kh1 Bc8 17. g5 a5 18. f4 b4 19. axb4 axb4 20. Nd1 f5 21. gxf6+ Rxf6
22. Ne3 exf4 23. Nxf4 Nd4 24. Qf2 Ng8 25. Ned5 Qd8 26. Nxf6 Nxf6 27. Ra7+ Kh6
28. Qh4+ 1-0

[Event "4NCL/Div1/MM-BAR2"]
[Site "Rd06-Birmingham"]
[Date "2001.01.28"]
[Round "6.2"]
[White "Palliser, Richard"]
[Black "Pert, Nicholas"]
[Result "1/2-1/2"]
[WhiteElo "2282"]
[BlackElo "2455"]
[PlyCount "51"]
[EventDate "2001.01.28"]

1. d4 e6 2. c4 Nf6 3. Nf3 b6 4. e3 Bb7 5. Bd3 d5 6. cxd5 exd5 7. O-O Bd6 8. b3
Ne4 9. Ne5 Bxe5 10. dxe5 Qe7 11. Bb2 Nd7 12. f4 f6 13. Nd2 Nxd2 14. Qxd2 fxe5
15. fxe5 Nxe5 16. Bb5+ Nd7 17. Qc3 O-O-O 18. Rac1 Nf6 19. Qe5 Qxe5 20. Bxe5 c5
21. b4 Nd7 22. Bxd7+ Rxd7 23. bxc5 bxc5 24. Rxc5+ Kd8 25. Bg3 Ke8 26. Rf5
1/2-1/2

[Event "4NCL/Div1/MM-BAR2"]
[Site "Rd06-Birmingham"]
[Date "2001.01.28"]
[Round "6.3"]
[White "Williams, Simon"]
[Black "Hanley, Craig"]
[Result "1/2-1/2"]
[WhiteElo "2350"]
[BlackElo "2276"]
[PlyCount "57"]
[EventDate "2001.01.28"]

1. c4 c5 2. Nc3 Nc6 3. g3 g6 4. Bg2 Bg7 5. a3 d6 6. Rb1 a5 7. Nf3 e5 8. O-O
Nge7 9. Ne1 O-O 10. Nc2 Nd4 11. Ne3 a4 12. d3 Ra7 13. Ned5 Nxd5 14. Nxd5 Bg4
15. Nc3 Qd7 16. f3 Be6 17. e3 Nb3 18. f4 exf4 19. Rxf4 f5 20. Bd2 Re8 21. Nd5
Nxd2 22. Qxd2 b5 23. b3 axb3 24. Rxb3 bxc4 25. dxc4 Qa4 26. Qc2 Bxd5 27. Bxd5+
Kh8 28. Kh1 h5 29. Rf3 1/2-1/2

[Event "4NCL/Div1/MM-BAR2"]
[Site "Rd06-Birmingham"]
[Date "2001.01.28"]
[Round "6.4"]
[White "Rogers, Jonathan"]
[Black "Ledger, David"]
[Result "1/2-1/2"]
[WhiteElo "2329"]
[BlackElo "2278"]
[PlyCount "90"]
[EventDate "2001.01.28"]

1. Nf3 Nf6 2. b4 g6 3. Bb2 Bg7 4. e3 O-O 5. Be2 d6 6. d4 Nbd7 7. h3 e5 8. dxe5
Ne4 9. Qd5 Ng5 10. Nbd2 Nxf3+ 11. Nxf3 Nxe5 12. Nxe5 dxe5 13. Qxd8 Rxd8 14. Bc4
Bf5 15. Bb3 a5 16. bxa5 Rxa5 17. Ke2 Be4 18. Rhd1 Raa8 19. f3 Bc6 20. e4 Kf8
21. Rxd8+ Rxd8 22. a4 f6 23. Bc4 Ra8 24. a5 Ke8 25. Bc3 Bf8 26. g4 Bd6 27. h4
Ke7 28. Rb1 Rf8 29. Kd3 Bc5 30. Bd5 Kd6 31. Kc4 Bxd5+ 32. exd5 b6 33. axb6 c6
34. dxc6 Kxc6 35. b7 Rb8 36. h5 gxh5 37. gxh5 Bb6 38. Kd3 Rxb7 39. Ke4 Rg7 40.
h6 Rg2 41. Bb4 Rxc2 42. Kf5 Bd4 43. Be7 Rh2 44. Bxf6 Rxh6 45. f4 Rxf6+ 1/2-1/2

[Event "4NCL/Div1/MM-BAR2"]
[Site "Rd06-Birmingham"]
[Date "2001.01.28"]
[Round "6.5"]
[White "Pert, Richard"]
[Black "Duncan, Chris"]
[Result "0-1"]
[WhiteElo "2263"]
[BlackElo "2310"]
[PlyCount "68"]
[EventDate "2001.01.28"]

1. e4 c5 2. Nf3 d6 3. d4 cxd4 4. Nxd4 Nf6 5. Nc3 g6 6. Be3 Bg7 7. f3 Nc6 8. Qd2
Bd7 9. O-O-O Ne5 10. g4 Rc8 11. Kb1 b5 12. h4 b4 13. Nd5 Nxd5 14. exd5 h5 15.
Be2 Qa5 16. Nb3 Qc7 17. Bd4 Kf8 18. gxh5 Bf5 19. Bd3 Nxd3 20. cxd3 Rxh5 21.
Qxb4 Bxd3+ 22. Ka1 Qc4 23. Rc1 Bc2 24. Bxg7+ Kxg7 25. Qb7 Rc7 26. Na5 Qc5 27.
Qa6 Rxd5 28. Nb3 Qb4 29. Qa3 Qxa3 30. bxa3 Rc8 31. Rhe1 Kf6 32. Kb2 Bf5 33.
Rxc8 Bxc8 34. Rc1 Bf5 0-1

[Event "4NCL/Div1/MM-BAR2"]
[Site "Rd06-Birmingham"]
[Date "2001.01.28"]
[Round "6.6"]
[White "Plueg, Andreas"]
[Black "Ledger, Stephen"]
[Result "1/2-1/2"]
[WhiteElo "2313"]
[BlackElo "2188"]
[PlyCount "83"]
[EventDate "2001.01.28"]

1. d4 Nf6 2. Nf3 g6 3. c3 Bg7 4. Bf4 O-O 5. h3 d6 6. e3 Nbd7 7. Be2 b6 8. O-O
Bb7 9. Bh2 Ne4 10. Nbd2 Nxd2 11. Nxd2 e5 12. a4 a6 13. b4 Qe7 14. Bf3 Bxf3 15.
Qxf3 f5 16. Qc6 Nf6 17. a5 b5 18. dxe5 dxe5 19. Rfd1 Qd6 20. Qxd6 cxd6 21. c4
Rfc8 22. Rac1 Bf8 23. cxb5 axb5 24. Kf1 Nd5 25. Rxc8 Rxc8 26. Ne4 Nxe3+ 27.
fxe3 fxe4 28. Rd5 Rb8 29. Bg3 Kf7 30. a6 Ra8 31. Rxb5 Rxa6 32. Rb7+ Ke6 33. Be1
Be7 34. Bd2 Ra1+ 35. Ke2 d5 36. Bc3 Ra2+ 37. Kd1 Bg5 38. Rb6+ Ke7 39. Rb7+ Ke6
40. Rb6+ Ke7 41. Rb7+ Ke6 42. Rb6+ 1/2-1/2

[Event "4NCL/Div1/MM-BAR2"]
[Site "Rd06-Birmingham"]
[Date "2001.01.28"]
[Round "6.7"]
[White "Naylor, John"]
[Black "Twyble, Michael"]
[Result "1-0"]
[WhiteElo "2237"]
[BlackElo "2231"]
[PlyCount "58"]
[EventDate "2001.01.28"]

1. e4 c5 2. Nf3 d6 3. d4 cxd4 4. Nxd4 Nf6 5. Nc3 g6 6. Be3 Bg7 7. f3 O-O 8. Qd2
Nc6 9. O-O-O d5 10. Qe1 e6 11. Kb1 Re8 12. exd5 exd5 13. Qd2 Be6 14. g4 Ne5 15.
Bg5 Qb6 16. Na4 Qc7 17. Bf4 Bd7 18. Nc3 Bc6 19. h4 Qa5 20. h5 Rad8 21. hxg6
fxg6 22. Qh2 Nxf3 23. Nxf3 d4 24. Bc4+ Kh8 25. Ng5 Bxh1 26. Nf7+ Kg8 27. Nxd8+
Kh8 28. Nf7+ Kg8 29. Nd6+ Kh8 1-0

[Event "4NCL/Div1/GUI-WG"]
[Site "Rd06-Birmingham"]
[Date "2001.01.28"]
[Round "6.1"]
[White "King, Daniel"]
[Black "Short, Nigel"]
[Result "0-1"]
[WhiteElo "2543"]
[BlackElo "2676"]
[PlyCount "82"]
[EventDate "2001.01.28"]

1. e4 e6 2. d4 d5 3. Nc3 Nf6 4. Bg5 Be7 5. e5 Nfd7 6. Bxe7 Qxe7 7. f4 a6 8. Nf3
c5 9. Qd2 Nc6 10. dxc5 Qxc5 11. O-O-O b5 12. Ne2 O-O 13. Ned4 Bb7 14. h4 Nxd4
15. Nxd4 b4 16. Rh3 Rae8 17. Re3 Qb6 18. Kb1 f6 19. Nf3 a5 20. Qd4 fxe5 21.
Nxe5 Qxd4 22. Rxd4 Nxe5 23. Rxe5 Rf5 24. a3 Rxe5 25. fxe5 bxa3 26. bxa3 Bc6 27.
g3 Kf7 28. Bd3 g6 29. Kc1 Ke7 30. Kd2 Rb8 31. Rf4 Bb5 32. Bxb5 Rxb5 33. h5 gxh5
34. Rh4 Kf7 35. Rxh5 Kg6 36. Rh4 Rb7 37. Rf4 Rf7 38. Rxf7 Kxf7 39. Ke3 Kg6 40.
Kf4 h5 41. a4 Kh6 0-1

[Event "4NCL/Div1/GUI-WG"]
[Site "Rd06-Birmingham"]
[Date "2001.01.28"]
[Round "6.2"]
[White "Ward, Chris"]
[Black "Gormally, Daniel"]
[Result "1-0"]
[WhiteElo "2506"]
[BlackElo "2492"]
[PlyCount "107"]
[EventDate "2001.01.28"]

1. d4 d5 2. c4 c6 3. Nf3 Nf6 4. Nc3 a6 5. Ne5 dxc4 6. Nxc4 b5 7. Ne5 e6 8. g3
c5 9. Bg2 Ra7 10. Be3 Rc7 11. dxc5 Qxd1+ 12. Rxd1 Bxc5 13. Nc6 Nxc6 14. Bxc5
Bb7 15. O-O Nd7 16. Bd6 Rc8 17. Ne4 f5 18. Ng5 e5 19. Ne6 Kf7 20. Ba3 Nf6 21.
Nc5 Ba8 22. Nd7 Rce8 23. Bc5 Nd4 24. Bxa8 Nxd7 25. Bd5+ Kg6 26. Bxd4 exd4 27.
Bc6 Rd8 28. Rxd4 Ne5 29. Bd5 Rd7 30. Rdd1 Rhd8 31. Bb3 Kf6 32. Rxd7 Rxd7 33.
Rd1 Rxd1+ 34. Bxd1 Nc4 35. b4 Ke5 36. e3 Nd2 37. f3 g5 38. Kf2 Nc4 39. Bb3 Nd6
40. Ke2 f4 41. exf4+ gxf4 42. g4 h6 43. Kd3 Nc8 44. Bg8 Ne7 45. Bh7 Nd5 46. a3
Ne3 47. Be4 Nc4 48. Bb7 a5 49. bxa5 Nxa5 50. Ba6 Nc6 51. Kc3 Nd4 52. Bb7 Ne6
53. Kb4 Nd4 54. Be4 1-0

[Event "4NCL/Div1/GUI-WG"]
[Site "Rd06-Birmingham"]
[Date "2001.01.28"]
[Round "6.3"]
[White "Conquest, Stuart"]
[Black "Baburin, Alexander"]
[Result "1-0"]
[WhiteElo "2546"]
[BlackElo "2598"]
[PlyCount "83"]
[EventDate "2001.01.28"]

1. Nf3 d5 2. b3 Nf6 3. Bb2 g6 4. c4 c6 5. e3 Bg7 6. Be2 O-O 7. O-O Bg4 8. d3
Nbd7 9. Nbd2 Re8 10. h3 Bxf3 11. Nxf3 e5 12. cxd5 Nxd5 13. Qc2 a5 14. a3 Qe7
15. Nd2 f5 16. Bf3 N5f6 17. Rfd1 h5 18. Be2 g5 19. e4 f4 20. Nf3 g4 21. Nh4 f3
22. gxf3 gxh3 23. Qc4+ Kh7 24. Nf5 Qf8 25. Kh1 Bh6 26. Rg1 Nb6 27. Qc2 Bf4 28.
Rg7+ Qxg7 29. Nxg7 Kxg7 30. d4 Nbd7 31. Bc1 Bxc1 32. Qxc1 exd4 33. Qg5+ Kh7 34.
Rg1 Rg8 35. Qf5+ Kh6 36. Qf4+ Kh7 37. e5 Rxg1+ 38. Kxg1 Rg8+ 39. Kh2 Rg2+ 40.
Kxh3 Rxf2 41. Bd3+ Kg8 42. exf6 1-0

[Event "4NCL/Div1/GUI-WG"]
[Site "Rd06-Birmingham"]
[Date "2001.01.28"]
[Round "6.4"]
[White "Turner, Matthew"]
[Black "Plaskett, James"]
[Result "1/2-1/2"]
[WhiteElo "2498"]
[BlackElo "2479"]
[PlyCount "96"]
[EventDate "2001.01.28"]

1. c4 b6 2. Nf3 Bb7 3. d4 Nf6 4. Nc3 e6 5. Bg5 Bb4 6. e3 h6 7. Bh4 g5 8. Bg3
Ne4 9. Nd2 Bxc3 10. bxc3 Nxg3 11. hxg3 d6 12. c5 dxc5 13. dxc5 Qd5 14. Qa4+ Nc6
15. O-O-O O-O-O 16. cxb6 axb6 17. Ne4 Qe5 18. Ba6 Na5 19. Bxb7+ Kxb7 20. f4
gxf4 21. exf4 Qf5 22. Rhe1 Rhg8 23. Rd7 Rxd7 24. Qxd7 Nc4 25. a4 Ra8 26. Re2
Ra5 27. Qd1 Qh5 28. Ra2 Qxd1+ 29. Kxd1 b5 30. Kc2 bxa4 31. Rxa4 Rxa4 32. Nc5+
Kc6 33. Nxa4 Kb5 34. Kb3 f5 35. Nb2 Nxb2 36. Kxb2 Kc4 37. Kc2 h5 38. Kd2 Kb3
39. Kd3 c5 40. g4 hxg4 41. g3 Kb2 42. Kc4 {(=)} Kc2 43. Kxc5 Kxc3 44. Kd6 Kd4
45. Kxe6 Ke4 46. Kf6 Kf3 47. Kxf5 Kxg3 48. Ke5 Kh2 1/2-1/2

[Event "4NCL/Div1/GUI-WG"]
[Site "Rd06-Birmingham"]
[Date "2001.01.28"]
[Round "6.5"]
[White "Baker, Chris W"]
[Black "Emms, John"]
[Result "0-1"]
[WhiteElo "2372"]
[BlackElo "2514"]
[PlyCount "80"]
[EventDate "2001.01.28"]

1. d4 Nf6 2. c4 e6 3. Nc3 Bb4 4. e3 O-O 5. Bd3 c5 6. Nf3 d5 7. O-O cxd4 8. exd4
dxc4 9. Bxc4 a6 10. Bg5 b5 11. Bb3 Bb7 12. Re1 Nbd7 13. Rc1 Rc8 14. h3 Bxc3 15.
bxc3 Qc7 16. Qd3 Rfe8 17. a4 Qc6 18. axb5 axb5 19. Bxf6 Nxf6 20. Re5 Ba6 21.
Qe3 h6 22. Ra1 Nd7 23. d5 Qxc3 24. Rxa6 Nxe5 25. Nxe5 exd5 26. Qxc3 Rxc3 27.
Bxd5 Rxe5 28. Ra8+ Kh7 29. Bxf7 Rf5 30. Bg8+ Kg6 31. Rb8 Kf6 32. Rb6+ Ke7 33.
Rb7+ Kd6 34. g4 Re5 35. Kg2 Rc8 36. Rxg7 Rg5 37. Rxg5 hxg5 38. Bf7 b4 39. h4
gxh4 40. g5 Ke7 0-1

[Event "4NCL/Div1/GUI-WG"]
[Site "Rd06-Birmingham"]
[Date "2001.01.28"]
[Round "6.6"]
[White "Levitt, Jon"]
[Black "Webb, Richard"]
[Result "1-0"]
[WhiteElo "2438"]
[BlackElo "2353"]
[PlyCount "57"]
[EventDate "2001.01.28"]

1. d4 Nf6 2. c4 g6 3. Nc3 d5 4. Bf4 Bg7 5. e3 c5 6. dxc5 Qa5 7. Rc1 Ne4 8. cxd5
Nxc3 9. Qd2 Qxa2 10. bxc3 Qa5 11. Nf3 Nd7 12. Bc4 Nxc5 13. Be5 Bxe5 14. Nxe5 f6
15. Nd3 Bf5 16. Nxc5 Qxc5 17. Ba2 O-O 18. O-O Rac8 19. Rfe1 Bd7 20. e4 Kg7 21.
Re3 b5 22. Rce1 Rf7 23. h4 a5 24. h5 Qd6 25. e5 fxe5 26. Rxe5 Qf6 27. h6+ Kf8
28. d6 exd6 29. R5e3 1-0

[Event "4NCL/Div1/GUI-WG"]
[Site "Rd06-Birmingham"]
[Date "2001.01.28"]
[Round "6.7"]
[White "Povah, Nigel"]
[Black "Martin, Andrew"]
[Result "1/2-1/2"]
[WhiteElo "2359"]
[BlackElo "2445"]
[PlyCount "33"]
[EventDate "2001.01.28"]

1. d4 g6 2. e4 Bg7 3. Nc3 d6 4. Be3 a6 5. Nf3 b5 6. Bd3 Nd7 7. Qd2 c5 8. a4 b4
9. Ne2 Bb7 10. Ng3 h5 11. h3 h4 12. Ne2 Qc7 13. b3 Ngf6 14. Ng5 cxd4 15. Bxd4
e5 16. Be3 d5 17. f3 1/2-1/2

[Event "4NCL/Div1/GUI-WG"]
[Site "Rd06-Birmingham"]
[Date "2001.01.28"]
[Round "6.8"]
[White "Jackson, Sheila"]
[Black "Yurenok, Maria"]
[Result "1/2-1/2"]
[WhiteElo "2185"]
[BlackElo "2079"]
[PlyCount "31"]
[EventDate "2001.01.28"]

1. e4 c5 2. c3 d5 3. exd5 Qxd5 4. d4 Nf6 5. Nf3 Bg4 6. Be2 e6 7. O-O Nc6 8. Be3
cxd4 9. cxd4 Bb4 10. a3 Ba5 11. b4 Bb6 12. Nc3 Qd6 13. Qa4 O-O 14. Rfd1 Ne7 15.
Rac1 Rac8 16. h3 1/2-1/2

[Event "4NCL/Div1/PP-IND2"]
[Site "Rd06-Birmingham"]
[Date "2001.01.28"]
[Round "6.1"]
[White "Shaw, John"]
[Black "Richardson, John"]
[Result "1-0"]
[WhiteElo "2454"]
[BlackElo "2338"]
[PlyCount "89"]
[EventDate "2001.01.28"]

1. e4 d5 2. exd5 Qxd5 3. Nc3 Qa5 4. d4 Nf6 5. Nf3 c6 6. Bc4 Bg4 7. h3 Bh5 8. g4
Bg6 9. Ne5 e6 10. h4 Nbd7 11. Nxd7 Nxd7 12. Bd2 h5 13. Nd5 Qd8 14. Nf4 Be4 15.
f3 Bd5 16. Bxd5 cxd5 17. g5 Qb6 18. Bc3 Bd6 19. Nd3 Bg3+ 20. Kf1 f6 21. Qd2 Bc7
22. a4 O-O-O 23. a5 Qa6 24. Kg2 e5 25. dxe5 Nxe5 26. Nxe5 fxe5 27. Qd3 Qe6 28.
a6 b6 29. Rae1 e4 30. Qe2 Rhf8 31. fxe4 Rf4 32. Rh3 Rg4+ 33. Kh1 Rxe4 34. Qf1
Rxe1 35. Bxe1 Qe4+ 36. Kg1 Re8 37. Bf2 Rf8 38. Qg2 Qxc2 39. Rc3 Qb1+ 40. Qf1
Qxb2 41. Rxc7+ Kd8 42. Rxa7 Rf4 43. Rb7 Qb4 44. Bxb6+ Ke8 45. Qe2+ 1-0

[Event "4NCL/Div1/PP-IND2"]
[Site "Rd06-Birmingham"]
[Date "2001.01.28"]
[Round "6.2"]
[White "Black, Richard"]
[Black "Mannion, Stephen"]
[Result "0-1"]
[WhiteElo "2264"]
[BlackElo "2369"]
[PlyCount "62"]
[EventDate "2001.01.28"]

1. e4 e5 2. f4 exf4 3. Nf3 h6 4. d4 g5 5. h4 Bg7 6. hxg5 hxg5 7. Rxh8 Bxh8 8.
g3 d5 9. gxf4 g4 10. Ng5 f6 11. Nh3 dxe4 12. Be3 Bf5 13. Nc3 Nh6 14. Bc4 Nd7
15. Nf2 Nb6 16. Qe2 Qe7 17. O-O-O O-O-O 18. Bb3 g3 19. Rh1 Bg7 20. Nfd1 Bg4 21.
Qb5 Nf5 22. d5 Bf3 23. Rg1 Bh6 24. Bxb6 cxb6 25. d6 Nxd6 26. Nd5 Nxb5 27. Nxe7+
Kb8 28. Nd5 Nd4 29. N1c3 g2 30. Bc4 b5 31. Bb3 b4 {Time} 0-1

[Event "4NCL/Div1/PP-IND2"]
[Site "Rd06-Birmingham"]
[Date "2001.01.28"]
[Round "6.3"]
[White "Harley, Andrew"]
[Black "Hassabis, Demis"]
[Result "1/2-1/2"]
[WhiteElo "2296"]
[BlackElo "2237"]
[PlyCount "38"]
[EventDate "2001.01.28"]

1. e4 c5 2. c3 d5 3. exd5 Qxd5 4. d4 Nc6 5. Nf3 Bg4 6. Be2 cxd4 7. cxd4 e6 8.
Nc3 Qa5 9. h3 Bh5 10. d5 exd5 11. Nd4 Bxe2 12. Qxe2+ Be7 13. Nxc6 bxc6 14. O-O
Kf8 15. Bd2 Qd8 16. Rac1 g6 17. Na4 Rc8 18. Rc2 Bf6 19. Bb4+ Kg7 1/2-1/2

[Event "4NCL/Div1/PP-IND2"]
[Site "Rd06-Birmingham"]
[Date "2001.01.28"]
[Round "6.4"]
[White "Lyell, Mark"]
[Black "Hadzimanolis, Antonios"]
[Result "1-0"]
[WhiteElo "2224"]
[BlackElo "2291"]
[PlyCount "71"]
[EventDate "2001.01.28"]

1. e4 e5 2. Nf3 Nc6 3. d4 exd4 4. Nxd4 Bc5 5. Be3 Qf6 6. c3 Nge7 7. Bc4 O-O 8.
O-O Ne5 9. Be2 Qg6 10. Nd2 d5 11. Bh5 Qf6 12. f4 N5c6 13. e5 Qh6 14. N2b3 Bxd4
15. Bxd4 Nxd4 16. Nxd4 c5 17. Nb5 Nf5 18. Nc7 Rb8 19. Nxd5 Be6 20. Bg4 Bxd5 21.
Bxf5 Rbd8 22. Qe2 Rfe8 23. b3 f6 24. e6 g6 25. e7 Rd6 26. Rad1 gxf5 27. Rxd5
Rxd5 28. Qe6+ Kg7 29. Qxd5 Rxe7 30. Qxc5 Re2 31. Rf3 Qh5 32. Rg3+ Kf7 33. Qd5+
Kf8 34. Rg8+ Ke7 35. Rg7+ Kf8 36. Qg8# 1-0

[Event "4NCL/Div1/PP-IND2"]
[Site "Rd06-Birmingham"]
[Date "2001.01.28"]
[Round "6.6"]
[White "Alfred, Nathan"]
[Black "Swanson, Stephen"]
[Result "1/2-1/2"]
[WhiteElo "2208"]
[BlackElo "2273"]
[PlyCount "38"]
[EventDate "2001.01.28"]

1. d4 d6 2. e4 g6 3. Nc3 Bg7 4. Be2 a6 5. a4 Nd7 6. Nf3 b6 7. O-O e6 8. Re1 Ne7
9. Be3 h6 10. Qd2 Bb7 11. h3 Qc8 12. Ra3 Nf6 13. e5 Nfd5 14. exd6 cxd6 15. Rb3
Qc7 16. Nxd5 Nxd5 17. c4 Nxe3 18. Qxe3 Bxf3 19. Bxf3 Rb8 1/2-1/2

[Event "4NCL/Div1/PP-IND2"]
[Site "Rd06-Birmingham"]
[Date "2001.01.28"]
[Round "6.7"]
[White "Smith, Andrew P"]
[Black "Cafferty, Bernard"]
[Result "1-0"]
[WhiteElo "2252"]
[BlackElo "2196"]
[PlyCount "57"]
[EventDate "2001.01.28"]

1. e4 Nf6 2. d3 c5 3. Bg5 Nc6 4. Bxf6 gxf6 5. Nc3 d6 6. Nge2 f5 7. Ng3 fxe4 8.
dxe4 Bg7 9. Be2 Qa5 10. Qd2 Rg8 11. O-O Nd4 12. Bh5 Be6 13. Qd3 Qa6 14. Qd1
O-O-O 15. Nd5 Bxd5 16. exd5 Rdf8 {(=)} 17. c3 Nb5 18. Nf5 Bf6 19. Re1 Kd8 20.
Be2 Qb6 21. Ne3 a6 22. Qb3 Qc7 23. Bxb5 axb5 24. Qxb5 Rg6 25. a4 Rfg8 26. a5
Bg5 27. a6 bxa6 28. Rxa6 e6 29. Nf5 1-0

[Event "4NCL/Div1/PP-IND2"]
[Site "Rd06-Birmingham"]
[Date "2001.01.28"]
[Round "6.8"]
[White "Bellin, Jana"]
[Black "Turvey, Syringa"]
[Result "1-0"]
[WhiteElo "2187"]
[BlackElo "1520"]
[PlyCount "57"]
[EventDate "2001.01.28"]

1. d4 Nf6 2. c4 g6 3. Nc3 Bg7 4. e4 d6 5. f3 O-O 6. Be3 Nbd7 7. Qd2 e5 8. d5 a5
9. O-O-O Ne8 10. Nge2 Nb6 11. Ng3 c6 12. dxc6 Qc7 13. Qf2 Nxc4 14. Bxc4 Qxc6
15. Bb5 Qc7 16. Bb6 Qe7 17. Nd5 Qg5+ 18. Kb1 f5 19. h4 Qh6 20. Bxe8 Rxe8 21.
Nc7 Be6 22. Nxa8 Rxa8 23. Rxd6 f4 24. Ne2 g5 25. Rhd1 Bf8 26. hxg5 Qg6 27. Rd8
Ra6 28. Bc5 Qf7 29. Rxf8+ 1-0